Hot air : (Запис № 507914)

МАРК-запис
000 -LEADER
fixed length control field 01858cam a2200433 a 4500
001 - CONTROL NUMBER
control field hotairalltalkall00kurt
003 - CONTROL NUMBER IDENTIFIER
control field CaSfIA
005 - DATE AND TIME OF LATEST TRANSACTION
control field 20210118100901.0
007 - PHYSICAL DESCRIPTION FIXED FIELD--GENERAL INFORMATION
fixed length control field cr||||
008 - FIXED-LENGTH DATA ELEMENTS--GENERAL INFORMATION
fixed length control field 970403s1997 nyu b 001 0 eng
010 ## - LIBRARY OF CONGRESS CONTROL NUMBER
LC control number 97014259
040 ## - CATALOGING SOURCE
Original cataloging agency DLC
Transcribing agency DLC
Modifying agency BAKER
-- NLGGC
-- BTCTA
-- YDXCP
-- OCLCG
-- CaSfIA
020 ## - INTERNATIONAL STANDARD BOOK NUMBER
International Standard Book Number 0465030742
020 ## - INTERNATIONAL STANDARD BOOK NUMBER
International Standard Book Number 9780465030743
035 ## - SYSTEM CONTROL NUMBER
System control number (OCoLC)36713256
043 ## - GEOGRAPHIC AREA CODE
Geographic area code n-us---
050 00 - LIBRARY OF CONGRESS CALL NUMBER
Classification number PN1992.8.T3
Item number K87 1997
082 00 - DEWEY DECIMAL CLASSIFICATION NUMBER
Classification number 791.45/6
Edition number 21
084 ## - OTHER CLASSIFICATION NUMBER
Classification number 05.30
Source of number bcl
029 1# - (OCLC)
OCLC library identifier NLGGC
System control number 191058912
029 1# - (OCLC)
OCLC library identifier AU@
System control number 000013174948
100 1# - MAIN ENTRY--PERSONAL NAME
Personal name Kurtz, Howard,
Dates associated with a name 1953-
245 10 - TITLE STATEMENT
Title Hot air :
Medium [electronic resource]
Remainder of title all talk, all the time /
Statement of responsibility, etc Howard Kurtz.
250 ## - EDITION STATEMENT
Edition statement 1st ed.
260 ## - PUBLICATION, DISTRIBUTION, ETC. (IMPRINT)
Place of publication, distribution, etc New York :
Name of publisher, distributor, etc Basic Books,
Date of publication, distribution, etc c1997.
300 ## - PHYSICAL DESCRIPTION
Extent viii, 423 p. ;
Dimensions 21 cm.
504 ## - BIBLIOGRAPHY, ETC. NOTE
Bibliography, etc Includes bibliographical references (p. 291-405) and index.
506 ## - RESTRICTIONS ON ACCESS NOTE
Standardized terminology for access restriction Необхідна авторизація на https://archive.org/ (створення облікового запису безкоштовно)
506 ## - RESTRICTIONS ON ACCESS NOTE
Standardized terminology for access restriction Необхідна авторизація на https://openlibrary.org/ (створення облікового запису безкоштовно)
650 #0 - SUBJECT ADDED ENTRY--TOPICAL TERM
Topical term or geographic name as entry element Television talk shows
General subdivision United States.
650 17 - SUBJECT ADDED ENTRY--TOPICAL TERM
Topical term or geographic name as entry element Televisieprogramma's.
Source of heading or term gtt
650 17 - SUBJECT ADDED ENTRY--TOPICAL TERM
Topical term or geographic name as entry element Radioprogramma's.
Source of heading or term gtt
650 17 - SUBJECT ADDED ENTRY--TOPICAL TERM
Topical term or geographic name as entry element Praatprogramma's.
Source of heading or term gtt
856 42 - ELECTRONIC LOCATION AND ACCESS
Materials specified Contributor biographical information
Uniform Resource Identifier <a href="http://www.loc.gov/catdir/enhancements/fy0831/97014259-b.html">http://www.loc.gov/catdir/enhancements/fy0831/97014259-b.html</a>
856 42 - ELECTRONIC LOCATION AND ACCESS
Materials specified Publisher description
Uniform Resource Identifier <a href="http://www.loc.gov/catdir/enhancements/fy0831/97014259-d.html">http://www.loc.gov/catdir/enhancements/fy0831/97014259-d.html</a>
856 41 - ELECTRONIC LOCATION AND ACCESS
Uniform Resource Identifier <a href="http://www.archive.org/details/hotairalltalkall00kurt">http://www.archive.org/details/hotairalltalkall00kurt</a>
Public note Free eBook from the Internet Archive
856 42 - ELECTRONIC LOCATION AND ACCESS
Uniform Resource Identifier <a href="http://www.openlibrary.org/books/OL668467M">http://www.openlibrary.org/books/OL668467M</a>
Public note Additional information and access via Open Library
942 ## - ADDED ENTRY ELEMENTS (KOHA)
Koha item type ЕКнига

Немає доступних примірників.